000 00952nam a22003257a 4500
001 BR0502283
003 BR-BrBNA
005 20230928101905.0
007 ta
008 230509b bl.||||| |||| 00| 0 por d
040 _aBR-BrBNA
_bpor
_cBiblioteca Nacional de Agricultura
041 _a(Por)
072 _aK50
_b3240
_b8901
090 _ 3240 BR0502283
100 1 _aPadilha, C.
110 1 _aUniversidade Federal de Lavras, MG (Brasil)
_0Tese (Mestrado)
245 1 _aAvaliação da qualidade da madeira de Eucalyptus sp para utilização em pisos
260 3 _aLavras, MG (Brasil):
_c2005.
300 _a59 p.
500 _aSummaries (Eng, Por); 42 ref.; 37 tables; 8 illus.
650 _aMADEIRA
650 _aEUCALIPTO
650 _aLAMINADO
650 _aPRODUTO FLORESTAL
650 _aPROPRIEDADE MECÂNICA
650 _aDENSIDADE DA MADEIRA
650 _aQUALIDADE
909 _a202309
_bLucia
_c55
_dLucia Elande
942 _cBK
999 _c68084
_d68084